Statistiques concernant Culture Générale - Série 1263

Cliquez ici pour prendre le quiz!

Statistiques générales

  • Ce quiz a été pris 40 fois
  • Le résultat moyen est 6 sur 10

Statistiques - réponses

Question Réponse % Correct
Quelle vapeur d'eau se dépose en fines gouttelettes le matin ou le soir sur les végétaux, sous l'effet du rayonnement de la terre ?rosée
97%
Au bowling, combien de quilles doit-on faire tomber avec la première boule pour réussir un strike ?dix
95%
Avec quels bracelets réunis par une chaîne et munis d'une serrure attache-t-on les poignets des prisonniers ?menottes
92%
Dans quelle ville américaine se situe le siège de l'Organisation des Nations unies ?New York
89%
Dans quel état des Etats Unis est située l'île d'Alcatraz, connue pour son pénitencier ?Californie
70%
En géométrie, la ligne qui délimite les contours d'une surface plane s'appelle le...périmètre
62%
Quel mot issu du verbe "griller" désigne une mauvaise odeur de graisse brûlée ?graillon
49%
Dans la mythologie grecque, en quel animal blanc, Zeus s'est-il transformé pour enlever la princesse Tyrienne Europe ?taureau
27%
En snowboard, si on surfe le pied droit à l'avant de la planche, on est "goofy". Si c'est le gauche, on est...regular
19%
"Alcatraz" est un mot espagnol qui signifie ...pélican
3%

Distribution des résultats

Percentile par nombre de réponses

% des personnes avec chaque résultat

Votre développement - résultats

Vous n’avez pas pris ce quiz